Strategic Management (Record no. 41958)

MARC details
000 -LEADER
fixed length control field 00398nam a2200169Ia 4500
008 - FIXED-LENGTH DATA ELEMENTS--GENERAL INFORMATION
fixed length control field 230524s9999 xx 000 0 und d
020 ## - INTERNATIONAL STANDARD BOOK NUMBER
ISBN 1403926778
082 ## - DEWEY DECIMAL CLASSIFICATION NUMBER
Classification number 381.142
Item number MAT
100 ## - MAIN ENTRY--AUTHOR NAME
Personal name U.C.Mathur
245 #0 - TITLE STATEMENT
Title Strategic Management
250 ## - EDITION STATEMENT
Edition statement IST
260 ## - PUBLICATION, DISTRIBUTION, ETC. (IMPRINT)
Place of publication NEW DELHI
Name of publisher Macmillan
Year of publication 2008
300 ## - PHYSICAL DESCRIPTION
Number of Pages XXII;873
500 ## - GENERAL NOTE
General note Quantity Number: 4
650 ## - SUBJECT ADDED ENTRY--TOPICAL TERM
Topical Term Management
942 ## - ADDED ENTRY ELEMENTS (KOHA)
Koha item type Books
Holdings
Lost status Damaged status Permanent Location Current Location Shelving location Date acquired Full call number Accession Number Koha item type
    Central Library, Trident Academy of Technology Central Library, Trident Academy of Technology General Stacks 05/24/2023 381.142 MAT 28255 Books
    Central Library, Trident Academy of Technology Central Library, Trident Academy of Technology General Stacks 05/24/2023 381.142 MAT 28256 Books
    Central Library, Trident Academy of Technology Central Library, Trident Academy of Technology General Stacks 05/24/2023 381.142 MAT 37865 Books
    Central Library, Trident Academy of Technology Central Library, Trident Academy of Technology General Stacks 05/24/2023 381.142 MAT 37866 Books
Trident Academy of Technology © 2023.
All rights reserved.                                                                                                                                                                                                        Designed by Team of Central Library .

Powered by Koha